000 01903nam0a2200349 4500
001 RU\NLR\BIBL_A\012089545
005 20190916101710.0
010 _a978-5-8019-0464-1
_9170
021 _aRU
_bКН-П-19-058249
_9КН-П-19-4174
035 _a(NLR Aleph) 012089545
035 _a(RuMoRGB)010061330
090 _a11847334
_c11847334
100 _a20190909d2019 u y0rusy50 ca
101 0 _arus
102 _aRU
105 _aab||j|||010zy
200 1 _aГеодезия
_eучебное пособие
_fМинистерство науки и высшего образования РФ, Федеральное государственное бюджетное образовательное учреждение высшего образования "Уральский государственный горный университет"
_g[Елена Алексеевна Акулова и др.]
_gпод редакцией В. Л. Клепко
210 _aЕкатеринбург
_cИзд-во УГГУ
_d2019
215 _a210 с.
_cил., карт., табл.
_d21
300 _aПосвящается 100-летию геодез. образования на Урале
320 _aБиблиогр.: с. 209-210 (22 назв.)
606 1 _aГеодезия
_jУчебные издания для высших учебных заведений
_2nlr_sh1
_2nlr_sh2
_3RU\NLR\AUTH\6633618
686 1 _aД12я73
702 1 _aАкулова
_bЕ. А.
_gЕлена Алексеевна
_4220
702 1 _aКлепко
_bВ. Л.
_gВладлен Лазаревич
_4340
712 0 2 _aУральский государственный горный университет
_cЕкатеринбург
_3RU\NLR\AUTH\8810065983
_4475
942 _cBOOK
980 _aNBR
980 _aNB